| 000 | 00910nam0a22002411 4500 | ||
|---|---|---|---|
| 001 | rc\644405 | ||
| 005 | 20031121164826.5 | ||
| 035 | _a(NLR Aleph) 005885271 | ||
| 090 |
_a6120400 _c6120400 |
||
| 100 | _a20031121d1986 u |0rusy50 ca | ||
| 101 | 0 | _arus | |
| 102 | _aRU | ||
| 105 | _ay ||||||||| | ||
| 200 | 1 |
_aПроблемы этики в философских учениях стран Востока _e[Сб. ст.] _fАН СССР, Ин-т философии _g[Отв. ред. и авт. предисл. Г.Б. Шаймухамбетова] |
|
| 210 |
_aМ. _cБ. и. _d1986 |
||
| 215 |
_a127, [1] с. _d20 |
||
| 702 | 1 |
_aШаймухамбетова _bГ. Б. _gГульшат Бахитовна _4340 |
|
| 712 | 0 | 2 |
_aИнститут философии _cМосква _3RU\NLR\AUTH\889955071 |
| 801 | 0 |
_aRU _bNLR _gpsbo |
|
| 801 | 1 |
_aRU _bELAR _2rusmarc |
|
| 852 |
_aNLR _j87-3/2739 |
||
| 942 | _cBOOK | ||
| 980 | _aNB | ||